| 000 | 00714nam a22002297a 4500 | ||
|---|---|---|---|
| 003 | BD-DhUL | ||
| 005 | 20180904115230.0 | ||
| 008 | 180904s2013 enka|||| b||| 001 0 eng | ||
| 020 | _a9780521114004 | ||
| 040 |
_aBD-DhUL _cBD-DhUL |
||
| 082 |
_a553.2 _bSCC |
||
| 100 | 1 | _aSchobert, Harold | |
| 245 | 1 |
_aChemistry of fossil fuels and biofuels / _cHarold Schobert. |
|
| 260 |
_aCambridge : _bCambridge University Press, _c2013 (2014) |
||
| 300 |
_axix, 480 p. : _bill. ; _c26 cm |
||
| 365 |
_aGBP _b89.99 |
||
| 490 | 0 | _aCambridge series in chemical engineering. | |
| 504 | _aIncludes bibliographical references and index. | ||
| 650 | 0 |
_aFossil fuels _xAnalysis |
|
| 650 | 0 | _aBiomass energy | |
| 942 |
_2ddc _cBK |
||
| 999 |
_c243262 _d243262 |
||